Bilecik Bilecik Bilecik Bilecik Bilecik

Latifi'nin iki risalesi : (Record no. 39210)

MARC details
000 -BAŞLIK
Sabit Uzunluktaki Kontrol Alanı 01187nam a22003377a 4500
001 - KONTROL NUMARASI
Control Dosyası 0039331
003 - KONTROL NUMARASI KİMLİĞİ
Kontrol Alanı KOHA_MİRAKIL
005 - EN SON İŞLEM TARİHİ ve ZAMANI
Kontrol Alanı 20260207003127.0
007 - FİZİKSEL TANIM SABİT ALAN - GENEL BİLGİ
Sabit uzunluklu kontrol alanı ta
008 - SABİT UZUNLUKTAKİ VERİ ÖGELERİ - GENEL BİLGİ
Sabit Alan 130110b1986 tu |||gr||||#0|||1|tur |
040 ## - KATALOGLAMA KAYNAĞI
Özgün Kataloglama Kurumu TR-BiSEU
Kataloglama Dili tur
Çeviri Kurumu TR-BiSEU
Açıklama Kuralları rda
041 0# - DİL KODU
Metin ya da ses kaydının dil kodu tur
044 ## - YAYINLAYAN/ÜRETEN KURULUŞUN ÜLKE KODU
ISO country code tu
050 ## - SINIFLAMA ve YER NUMARASI
Sınıflama Numarası PL234.L37
Yer Numarası E65 1986
100 0# - KİŞİ ADI
Yazar Adı (Kişi adı) Latifi.
245 1# - ESER ADI BİLDİRİMİ
Başlık Latifi'nin iki risalesi :
Alt Eseradı vb. Enisu'l-fusaha ve Evsaf-i Ibrahim Pasa/
Sorumluluk Bildirimi Latifi ; Latifi ; hazırlayan Ahmet Sevgi.
264 #1 - ÜRERİM, YAYIN, DAĞITIM ve TELİF BİLDİRİMİ
Yayın yeri Konya :
Yayınlayan Selçuk Üniversitesi
Yayın tarihi 1986
300 ## - FİZİKSEL TANIMLAMA
Sayfa, Cilt vb. 87 sayfa ;
Boyutları 20 cm
336 ## - İÇERİK TÜRÜ
Content type term metin
Content type code txt
Source rdacontent
337 ## - MEDYA TÜRÜ
Media type term aracısız
Media type code n
Source rdamedia
338 ## - TAŞIYICI TÜRÜ
Carrier type term cilt
Carrier type code nc
Source rdacarrier
490 1# - DİZİ BİLDİRİMİ
Dizi Bildirimi Selcuk Universitesi Yayinlari ;
Cilt Numarası 14.
490 1# - DİZİ BİLDİRİMİ
Dizi Bildirimi Egitim Fakultesi yayınları ;
Cilt Numarası 1.
500 ## - GENEL NOT
Genel Not Ottoman Turkish text in facsimile and romanized, with commentary and a dictionary of Ottoman terms in modern Turkish.
500 ## - GENEL NOT
Genel Not Kaynakça var.
650 #0 - KONU BAŞLIĞI EK GİRİŞ - KONU TERİMİ
Konusal terim veya coğrafi ad Latifi, 1491-1582?--Criticism and interpretation.
9 (RLIN) 71848
830 1# - SERİ EK GİRİŞİ - TEKBİÇİM ESER ADI
Tekbiçim Başlık Selcuk Universitesi Yayinlari ;
Volume number/sequential designation 14.
9 (RLIN) 19326
830 1# - SERİ EK GİRİŞİ - TEKBİÇİM ESER ADI
Tekbiçim Başlık Egitim Fakultesi yayınları ;
Volume number/sequential designation 1.
9 (RLIN) 71849
907 ## - LOCAL DATA ELEMENT G, LDG (RLIN)
a Şiir
942 ## - EK GİRİŞ ÖGELERİ (KOHA)
Source of classification or shelving scheme Library of Congress Classification
Koha item type Book
Holdings
Materyal Türü Kalıcı Konum Mevcut Konum Raf Yeri Sınıflandırma Kaynağı Edinim Bilgisi Ana Konular Alt Konular Yer Numarası Demirbaş Numarası Fatura Tarihi Geri Çekilme Durumu Kayıp Durumu Hasarlı Durumu Kredi için değil Kayıt Tarih Toplam Ödünçverme Son Görülme Tarihi Son Kontrol Tarihi Genel / Bağış Notu
Book Prof. Dr. Azmi Özcan Kütüphanesi Prof. Dr. Azmi Özcan Kütüphanesi Birûni Salonu Library of Congress Classification Bağış DİL VE EDEBİYAT Doğu Asya, Afrika, Okyanusya Dilleri ve Edebiyatları PL234.L37 E65 1986 0039331 02/02/2026         10/01/2013   05/12/2024 05/12/2024 Genel Bağış
Book Prof. Dr. Azmi Özcan Kütüphanesi Prof. Dr. Azmi Özcan Kütüphanesi Birûni Salonu Library of Congress Classification Bağış DİL VE EDEBİYAT Doğu Asya, Afrika, Okyanusya Dilleri ve Edebiyatları PL234.L37 E65 1986 0058119 02/02/2026         27/05/2016 1 05/12/2024 05/12/2024 Abdulkerim Abdulkadiroğlu, Akademisyen